000 01053nam a2200277Ia 4500
003 OSt
005 20221005110546.0
006 a|||||r|||| 00| 0
007 ta
008 221004b |||||||| |||| 00| 0 hin d
020 _a9789326354707 (hbk)
_cINR 250.00
024 _a37127
037 _bBW/1693, 15/03/2018, Bookwell
_cTextual
040 _aCRL
_cCRL
_bhin
041 _2hin
_ahin
082 _aY72, 152Q6
100 _aमीणा, हरि राम, ले.
245 0 _aआदिवासी लोक की यात्राएॅं
246 _aĀdivāsī lok kī yātrāeॅan
260 _aनई दिल्ली
_bभारतीय ज्ञानपीठ भारत
_c2016
300 _a140पृ0
_ccm.
490 _aलोकोदय ग्रन्थमाला; ग्रन्थांक 1284
650 _aआदिवासी समाज
942 _hY72, 152Q6
_cTEXL
_2cc
999 _c1019199
_d1019199